<?xml version="1.0" encoding="UTF-8"?><marc:collection xmlns:marc="http://www.loc.gov/MARC21/slim">
  <marc:record>
    <marc:leader>00000nam  2200000za 4500</marc:leader>
    <marc:controlfield tag="001">9.830002</marc:controlfield>
    <marc:controlfield tag="003">CaOODSP</marc:controlfield>
    <marc:controlfield tag="005">20240624082320</marc:controlfield>
    <marc:controlfield tag="007">cr |||||||||||</marc:controlfield>
    <marc:controlfield tag="008">170104s1996    onc     ob   f000 0 fre d</marc:controlfield>
    <marc:datafield tag="040" ind1=" " ind2=" ">
      <marc:subfield code="a">CaOODSP</marc:subfield>
      <marc:subfield code="b">fre</marc:subfield>
    </marc:datafield>
    <marc:datafield tag="043" ind1=" " ind2=" ">
      <marc:subfield code="a">n-cn---</marc:subfield>
    </marc:datafield>
    <marc:datafield tag="086" ind1="1" ind2=" ">
      <marc:subfield code="a">Z1-1991/1-41-170F-PDF</marc:subfield>
    </marc:datafield>
    <marc:datafield tag="100" ind1="1" ind2=" ">
      <marc:subfield code="a">Morse, Bradford W.</marc:subfield>
      <marc:subfield code="q">(Bradford Wilmot),</marc:subfield>
      <marc:subfield code="d">1950-</marc:subfield>
    </marc:datafield>
    <marc:datafield tag="245" ind1="1" ind2="4">
      <marc:subfield code="a">Les Métis sont-ils visés par le paragraphe 91(24) de la Loi constitutionnelle de 1867? </marc:subfield>
      <marc:subfield code="h">[ressource électronique] / </marc:subfield>
      <marc:subfield code="c">par Bradford W. Morse et John Giokas.</marc:subfield>
    </marc:datafield>
    <marc:datafield tag="260" ind1=" " ind2=" ">
      <marc:subfield code="a">[Ottawa] : </marc:subfield>
      <marc:subfield code="b">Commission royale sur les peuples autochtones, </marc:subfield>
      <marc:subfield code="c">[1996?]</marc:subfield>
    </marc:datafield>
    <marc:datafield tag="300" ind1=" " ind2=" ">
      <marc:subfield code="a">p. 159-307</marc:subfield>
    </marc:datafield>
    <marc:datafield tag="500" ind1=" " ind2=" ">
      <marc:subfield code="a">Publ. aussi en anglais sous le titre : Do the Metis fall within Section 91(24) of the Constitution Act, 1867?</marc:subfield>
    </marc:datafield>
    <marc:datafield tag="500" ind1=" " ind2=" ">
      <marc:subfield code="a">Publication historique numérisée par Bureau du Conseil privé.</marc:subfield>
    </marc:datafield>
    <marc:datafield tag="500" ind1=" " ind2=" ">
      <marc:subfield code="a">Titre de départ.</marc:subfield>
    </marc:datafield>
    <marc:datafield tag="504" ind1=" " ind2=" ">
      <marc:subfield code="a">Comprend des références bibliographiques.</marc:subfield>
    </marc:datafield>
    <marc:datafield tag="505" ind1="0" ind2=" ">
      <marc:subfield code="a">Sommaire -- Introduction -- Qui sont les Métis? -- Le statut constitutionnel de Métis avant 1982 -- La Loi constitutionnelle de 1982 et l'avenir -- Si les Métis des « Indiens », quelles seraient les conséquences? -- Conclusion -- Recommandations -- Notes.</marc:subfield>
    </marc:datafield>
    <marc:datafield tag="520" ind1=" " ind2=" ">
      <marc:subfield code="a">« Ce document examine la question de savoir si les Métis sont visés par le paragraphe 91(24) de la Loi constitutionnelle de 1867. À cette fin, il passe en revue la doctrine et la jurisprudence existantes ainsi que divers aspects historiques et politiques de la relation entre les Métis et les gouvernements canadiens successifs. Il traite notamment des définitions du mot «Métis»; des politiques fédérales, des lois, des commentaires de spécialistes et des décisions judiciaires rendues avant que les Métis acquièrent un statut constitutionnel en 1982; des politiques fédérales et provinciales plus récentes en matière constitutionnelle, de la Loi constitutionnelle de 1982 et des conférences des premiers ministres qui ont suivi; et des conséquences possibles de l'inclusion des Métis dans le terme «Indiens» du paragraphe 91(24) de la Loi constitutionnelle de 1867. Le document fait valoir qu'il est logique et sensé de considérer que toutes les personnes de sang mêlé sont assujetties à la compétence conférée par le paragraphe 91(24) et que les Métis sont visés par la relation de fiduciaire qui doit exister entre la Couronne et les peuples autochtones »--Sommaire, p. 160.</marc:subfield>
    </marc:datafield>
    <marc:datafield tag="692" ind1="0" ind2="7">
      <marc:subfield code="2">gccst</marc:subfield>
      <marc:subfield code="a">Commission d'enquête</marc:subfield>
    </marc:datafield>
    <marc:datafield tag="692" ind1="0" ind2="7">
      <marc:subfield code="2">gccst</marc:subfield>
      <marc:subfield code="a">Métis</marc:subfield>
    </marc:datafield>
    <marc:datafield tag="692" ind1="0" ind2="7">
      <marc:subfield code="2">gccst</marc:subfield>
      <marc:subfield code="a">Constitution</marc:subfield>
    </marc:datafield>
    <marc:datafield tag="700" ind1="1" ind2=" ">
      <marc:subfield code="a">Giokas, John.</marc:subfield>
    </marc:datafield>
    <marc:datafield tag="710" ind1="1" ind2=" ">
      <marc:subfield code="a">Canada. </marc:subfield>
      <marc:subfield code="b">Bureau du Conseil privé.</marc:subfield>
    </marc:datafield>
    <marc:datafield tag="710" ind1="1" ind2=" ">
      <marc:subfield code="a">Canada. </marc:subfield>
      <marc:subfield code="b">Commission royale sur les peuples autochtones.</marc:subfield>
    </marc:datafield>
    <marc:datafield tag="775" ind1="0" ind2="8">
      <marc:subfield code="t">Do the Metis fall within section 91(24) of the Constitution Act, 1867? </marc:subfield>
      <marc:subfield code="w">(CaOODSP)9.829999</marc:subfield>
    </marc:datafield>
    <marc:datafield tag="856" ind1="4" ind2="0">
      <marc:subfield code="q">PDF</marc:subfield>
      <marc:subfield code="s">713 Ko</marc:subfield>
      <marc:subfield code="u">https://publications.gc.ca/collections/collection_2017/bcp-pco/Z1-1991-1-41-170-fra.pdf</marc:subfield>
    </marc:datafield>
  </marc:record>
</marc:collection>
